000 00869nam a2200217Ia 4500
999 _c40124
_d40124
001 6730
003 GE_BSU
005 20191217161504.0
008 181216s1957||||ge |||||||||||||| ||geo||
040 _cGE_BSU
041 _ageo
080 _a821.353.1-1 გ-30
100 _aგელაშვილი, ვლადიმერ.
_95841
245 _aღია ბარათი :
_bლექსები /
_cვლადიმერ გელაშვილი ; რედ. ი. თედიაშვილი.
264 _aსტალინირი :
_bსამხრეთ ოსეთის სახელგამი,
_c1957.
300 _a108 გვ. ;
_c16 სმ.
653 _aლექსები
653 _aღია ბარათი
700 _aთედიაშვილი, ი.
_eრედაქტორი
_95843
942 _cBK
_2udc